<?xml version="1.0" encoding="UTF-8"?>
<record
    xmlns:xsi="http://www.w3.org/2001/XMLSchema-instance"
    xsi:schemaLocation="http://www.loc.gov/MARC21/slim http://www.loc.gov/standards/marcxml/schema/MARC21slim.xsd"
    xmlns="http://www.loc.gov/MARC21/slim">

  <leader>02321cam a2200445   4500</leader>
  <controlfield tag="001">14034</controlfield>
  <controlfield tag="003">http://catalogue.bnf.fr/ark:/12148/cb47017202k</controlfield>
  <controlfield tag="005">20260310160536.0</controlfield>
  <datafield tag="010" ind1=" " ind2=" ">
    <subfield code="a">9791095481195</subfield>
    <subfield code="d">10 EUR</subfield>
  </datafield>
  <datafield tag="020" ind1=" " ind2=" ">
    <subfield code="a">FR</subfield>
    <subfield code="b">02260759</subfield>
  </datafield>
  <datafield tag="073" ind1=" " ind2="0">
    <subfield code="a">9791095481195</subfield>
  </datafield>
  <datafield tag="090" ind1=" " ind2=" ">
    <subfield code="a">14034</subfield>
  </datafield>
  <datafield tag="099" ind1=" " ind2=" ">
    <subfield code="o">0</subfield>
  </datafield>
  <datafield tag="100" ind1=" " ind2=" ">
    <subfield code="a">20220502d2022    m  y0frey50      ba</subfield>
  </datafield>
  <datafield tag="101" ind1="0" ind2=" ">
    <subfield code="a">fre</subfield>
  </datafield>
  <datafield tag="102" ind1=" " ind2=" ">
    <subfield code="a">FR</subfield>
  </datafield>
  <datafield tag="105" ind1=" " ind2=" ">
    <subfield code="a">||||z   00|a|</subfield>
  </datafield>
  <datafield tag="181" ind1=" " ind2="0">
    <subfield code="6">01</subfield>
    <subfield code="a">i </subfield>
    <subfield code="b">xxxe  </subfield>
  </datafield>
  <datafield tag="181" ind1=" " ind2=" ">
    <subfield code="6">02</subfield>
    <subfield code="c">txt</subfield>
    <subfield code="2">rdacontent</subfield>
  </datafield>
  <datafield tag="182" ind1=" " ind2="0">
    <subfield code="6">01</subfield>
    <subfield code="a">n</subfield>
  </datafield>
  <datafield tag="182" ind1=" " ind2=" ">
    <subfield code="6">02</subfield>
    <subfield code="c">n</subfield>
    <subfield code="2">rdamedia</subfield>
  </datafield>
  <datafield tag="200" ind1="1" ind2=" ">
    <subfield code="a">Seuil</subfield>
    <subfield code="b">Texte imprim&#xE9;</subfield>
  </datafield>
  <datafield tag="214" ind1=" " ind2="0">
    <subfield code="c">Th&#xE9;&#xE2;tre ouvert &#xE9;ditions</subfield>
    <subfield code="d">DL 2022</subfield>
  </datafield>
  <datafield tag="214" ind1=" " ind2="3">
    <subfield code="c">Impr. M&#xE9;dia graphic</subfield>
  </datafield>
  <datafield tag="214" ind1=" " ind2="0">
    <subfield code="a">Paris</subfield>
  </datafield>
  <datafield tag="214" ind1=" " ind2="3">
    <subfield code="a">35-Rennes</subfield>
  </datafield>
  <datafield tag="215" ind1=" " ind2=" ">
    <subfield code="a">1 vol. (75 p.)</subfield>
  </datafield>
  <datafield tag="215" ind1=" " ind2=" ">
    <subfield code="d">20 cm</subfield>
  </datafield>
  <datafield tag="225" ind1=" " ind2=" ">
    <subfield code="a">Tapuscrit</subfield>
    <subfield code="v">152</subfield>
  </datafield>
  <datafield tag="305" ind1=" " ind2=" ">
    <subfield code="a">Cr&#xE9;ation : Bayeux (France) : Halle &#xF4; Grains, 20220203</subfield>
  </datafield>
  <datafield tag="323" ind1=" " ind2=" ">
    <subfield code="a">7 personnages</subfield>
  </datafield>
  <datafield tag="330" ind1=" " ind2=" ">
    <subfield code="a">&#xAB; Vous m&#x2019;avez tu&#xE9;R &#xBB;
Dans la nuit de vendredi &#xE0; samedi, Matt&#xE9;o, 14 ans, laisse ce message sur les r&#xE9;seaux avant de ne plus donner signe de vie. 48h plus tard, une flic intervient dans le coll&#xE8;ge et interroge Noa, interne de la chambre 109 : T&#xE9;moin principal ? Suspect ? Bourreau ? Noa devra r&#xE9;pondre de ses actes, lui qui dit n&#x2019;avoir rien fait.
&#xC0; la fa&#xE7;on d&#x2019;un jeu de piste, dans une structure dramatique jouant sur diff&#xE9;rentes temporalit&#xE9;s, lecteur&#xB7;rice&#xB7;s et spectateur&#xB7;rice&#xB7;s reconstituent peu &#xE0; peu les pi&#xE8;ces du puzzle de cette intrigue faisant appara&#xEE;tre l&#x2019;ensemble des acteurs du coll&#xE8;ge, comblant peu &#xE0; peu les trous de cette histoire, jusqu&#x2019;&#xE0; saisir le drame qui a eu lieu.
Seuil aborde par la fiction les m&#xE9;canismes du mod&#xE8;le masculin &#xE0; travers les rites de passage entre hommes. &#xC0; travers le drame en creux de Matt&#xE9;o, l&#x2019;&#xE9;criture interroge la construction du mod&#xE8;le viril contemporain par la violence, et la notion de consentement.</subfield>
  </datafield>
  <datafield tag="410" ind1=" " ind2="0">
    <subfield code="0">34226913</subfield>
  </datafield>
  <datafield tag="410" ind1=" " ind2="0">
    <subfield code="t">Tapuscrit (Paris. 1978)</subfield>
    <subfield code="x">0183-8229</subfield>
    <subfield code="v">152</subfield>
  </datafield>
  <datafield tag="610" ind1=" " ind2=" ">
    <subfield code="a">harc&#xE8;lement</subfield>
    <subfield code="a">enqu&#xEA;te</subfield>
    <subfield code="a">suicide</subfield>
  </datafield>
  <datafield tag="620" ind1="2" ind2=" ">
    <subfield code="d">Bayeux</subfield>
    <subfield code="a">France</subfield>
    <subfield code="e">Halle &#xF4; Grains</subfield>
    <subfield code="f">20220203</subfield>
  </datafield>
  <datafield tag="686" ind1=" " ind2=" ">
    <subfield code="a">802</subfield>
    <subfield code="2">Cadre de classement de la Bibliographie nationale fran&#xE7;aise</subfield>
  </datafield>
  <datafield tag="700" ind1=" " ind2=" ">
    <subfield code="a">Mattei</subfield>
    <subfield code="b">Marilyn</subfield>
    <subfield code="f">1985-....</subfield>
  </datafield>
  <datafield tag="700" ind1=" " ind2=" ">
    <subfield code="3">17081801</subfield>
    <subfield code="o">ISNI0000000459760223</subfield>
    <subfield code="4">070</subfield>
  </datafield>
  <datafield tag="801" ind1=" " ind2="0">
    <subfield code="a">FR</subfield>
    <subfield code="b">FR-751131015</subfield>
    <subfield code="c">20220502</subfield>
    <subfield code="g">AFNOR</subfield>
    <subfield code="h">FRBNF470172020000008</subfield>
  </datafield>
  <datafield tag="995" ind1=" " ind2=" ">
    <subfield code="2">0</subfield>
    <subfield code="5">2026-03-10</subfield>
    <subfield code="9">13925</subfield>
    <subfield code="c">JOL</subfield>
    <subfield code="f">JOL-007734</subfield>
    <subfield code="k">TH MAT 7</subfield>
    <subfield code="n">2026-06-05</subfield>
    <subfield code="o">0</subfield>
    <subfield code="b">JOL</subfield>
    <subfield code="r">LIVR</subfield>
  </datafield>
</record>
